Missing Word: Grimm Fairy Tales Quiz Stats

 Plays Quiz Updated Mar 3, 2016

Challenge
Share
Tweet
Embed
Score 0/20 Timer 04:00
0 Plays Today
Fairy Tale Missing Word % Correct
Little Red _____ HoodRiding
96.6%
Puss in _____Boots
94%
Sleeping _____Beauty
94%
Hansel and _____Gretel
92.2%
_____ and the PeaPrincess
85.2%
The _____ Man and the Rich ManPoor
85.2%
_____ and SisterBrother
62.6%
Little _____ WhiteSnow
55%
Cat and _____ in PartnershipMouse
45.5%
The Three _____ BirdsLittle
43.6%
Fairy Tale Missing Word % Correct
The Juniper _____Tree
43.4%
The _____ and the ShoemakerElves
33.9%
Snow-White and _____-RedRose
30.4%
The _____ that were Danced to PiecesShoes
30%
The Queen _____Bee
24.9%
_____ GooseGolden
22%
The Bright _____ Brings it to LightSun
17.8%
The Town _____ of BremenMusicians
10.6%
The _____ SnakeWhite
10.6%
The Mouse the Bird and the _____Sausage
2.9%

Today's Daily Dose

Missing Word
Hayao Miyazaki

Word Ladder
Florida

On This Day
December 13th II

You're not logged in!

Compare scores with friends on all Sporcle quizzes.
OR
Log In

You Might Also Like...

Show Comments

Extras

Top Quizzes Today


Score Distribution

Your Account Isn't Verified!

In order to create a playlist on Sporcle, you need to verify the email address you used during registration. Go to your Sporcle Settings to finish the process.

Report this User

Report this user for behavior that violates our Community Guidelines.

Details: